00346nam a2200109Ia 4500008004100000041000800041082000800049100008600057245003400143260005100177300000800228221007s9999 xx 000 0 und d aeng bRAD aRadhika Rishi S - 2k131138; Prof. Pranita Sonar - Guide & [Company Name] - GKTCS aStudy of Job Portal for GKTCS cSep-14bSavitribai Phule Pune UniversityaPune a59p